LEADER 01171nam a2200289 4500 001 000000358596 003 CaOOAMICUS 005 20240610152555.0 008 240610s2023 it a 000 u ita r 020 $a978-88-7263-680-0 040 $aSeMil$bita 100 1 $aDi Lauro, Gregorio,$d<1966- >.$0(OLS)http://semarc/name/119815 245 10$aDio con noi in noi :$bdalla sofferenza alla gloria /$cGregorio Di Lauro. 264 1$aRoma :$bViverein,$c2023. 300 $a290 p. :$bill. ;$c24 cm 490 1 $aIn ascolto ;$v40 541 0 $aOmaggio mons. Mario Delpini 650 4$aSofferenza - Concezione cristiana.$0(OLS)http://semarc/subject/9101 830 0$aIn ascolto ;$v40.$0(OLS)http://semarc/title/448969 850 $aSeMil 852 $aSeMil$W1$xVenegono$y1$m2C VI 212$j248833$B249698$CSeMilBibl$Z2$F249698 $81 941 1 $a7 961 $aOmaggio mons. Mario Delpini 996 $6020$a978-88-7263-680-0$9(OLS)http://semarc/number/300528 996 $6245$aDio con noi in noi :$bdalla sofferenza alla gloria$9(OLS)http://semarc/title/448968 996 $6264$aRoma :$bViverein$9(OLS)http://semarc/publisher/32339 LEADER 01414nam a2200241 i 4500 001 000000105753 003 CaOOAMICUS 005 20020903000000.0 008 020903s2001 it u000 u ita u 013 $a77947 040 $aSeMil$bita 100 1 $aBarolo, Luigi Maria .$0(OLS)http://semarc/name/44541 245 13$aIl curatore ad cautelam nelle cause di nullità matrimoniale :$baspetti dottrinali e giurisprudenziali ; una prassi in precario equilibrio tra difesa del processo e tutela dei diritti delle parti /$cLuigi Barolo. 260 $aRoma :$bPontificia Università Lateranense,$c2001. 300 $a199 p. ;$c24 cm. 500 $aIn testa al front. : Pontificia Universitas Lateranensis : Theses ad Doctoratum in Jure Canonico. 650 4$aMatrimonio canonico - Annullamento.$0(OLS)http://semarc/subject/10815 650 4$aDiritto canonico - Curatore ad cautelam.$0(OLS)http://semarc/subject/18393 850 $aSeMil 852 $aSeMil$W1$xVenegono$y1$m2I III 122$j61915$B61915$CSeMilBibl$Z2$F72094 $81 961 $aOmaggio: Autore 996 $6245$aIl curatore ad cautelam nelle cause di nullità matrimoniale :$baspetti dottrinali e giurisprudenziali ; una prassi in precario equilibrio tra difesa del processo e tutela dei diritti delle parti$9(OLS)http://semarc/title/153162 996 $6260$aRoma :$bPontificia Università Lateranense$9(OLS)http://semarc/publisher/30174